MARC

LEADER 00000nam0a2200000 4500
001 168797
005 20231031163225.0
035 |a (RuTPU)RU\TPU\book\183115 
090 |a 168797 
100 |a 20091102d1987 km y0rusy50 ca 
101 0 |a rus 
102 |a RU 
105 |a a z 001zy 
200 1 |a Электрохимическая защита от коррозии  |f Е. Я. Люблинский 
210 |a Москва  |c Металлургия  |d 1987 
215 |a 96 с.  |c ил. 
320 |a Библиогр.: с. 97. 
610 1 |a материаловедение 
610 1 |a коррозия 
610 1 |a электрохимическая защита 
610 1 |a металлы 
610 1 |a электролиты 
610 1 |a катодная защита 
610 1 |a анодная защита 
675 |a 620.197.5  |v 3 
700 1 |a Люблинский  |b Е. Я.  |g Ефим Яковлевич 
801 1 |a RU  |b 63413507  |c 20091102 
801 2 |a RU  |b 63413507  |c 20120321  |g RCR 
942 |c BK